01015nam a2200265 i 4500003000900000005001700009007000300026008004100029020001800070040003000088082001300118100005000131245016600181264004800347300002900395336002700424337003400451338002800485500007200513504002500585504002700610700004400637700003500681700003300716DO-SdBNP20240704112515.0ta240704s2022 dr 000 0 spa d a9789945182613 aDO-SdBNPbspacBNPHUerda bH557222 aHernández Acosta, Ángeleautord1900-197113aLa sombra homicida :by otros cuentos /cÁngel Hernández Acosta ; compilador Luesmil Castor Paniagua ; presentación Julio Cuevas ; prólogo Alex Ferreras  1aSanto Domingo :bTiempo de nosotros,c2022. a111 páginas, c23 cm. 2rdacontentatextobtxt 2rdamediaasin mediación bn 2rdacarrieravolumenbnc aIncluye datos biográficos del autor y compilador en las solapas.  aBibliografía p: 33 aBibliografía p: 111. aCastor Paniagua, Luesmil ecompilador  aCuevas, Julio epresentación a Ferreras, Alexeprólogo